Ne kadarı yeterli ? (Record no. 2169)

MARC details
000 -BAŞLIK
Sabit Uzunlukta Kontrol Alanı 01160na a2200361 4500
001 - KONTROL NUMARASI
Denetim Alanı 12607
003 - KONTROL NUMARASI IDENTIFIER
Denetim Alanı MIRAKIL
005 - SON İŞLEM TARİHİ VE ZAMANI
Denetim Alanı 20181213154848.0
008 - SABİT-BOY VERİ ELEMANLARI - GENEL BİLGİLER
Sabit Uzunlukta Kontrol Alanı 160824b tu 000 0
020 ## - ULUSLARARASI STANDART KİTAP NUMARASI
Uluslararası Standart Kitap Numarası 9786053993490
035 ## - SİSTEM KONTROL NUMARASI
Sistem Kontrol Numarası 12607
040 ## - KATALOGLAMA KAYNAK
Orijinal Kataloglama Ajansı Milas
Kataloglama Dili tur
Metne Dönüştürmek Ajansı TR-AnCHP
082 ## - DEWEY ONLU SINIFLANDIRMA NUMARASI
Sınıflandırma Numarası 306.3
Ürün Numarası S45n 2014
090 ## - SINIFLAMA NUMARASI
Sınıflama Numarası 306.3 S45n 2014
100 ## - ANA GİRİŞ - KİŞİSEL İSİM
Kişisel Ad Skidelsky, Edward
245 ## - BAŞLIK TABLOSU
Başlık Ne kadarı yeterli ?
Başlığın Kalan Para sevgisi ve iyi yaşam mücadelesi
Sorumluluk Tablosu, Vb Edward Skidelsky, Robert Skidelsky; çeviren Levent Konyar.
246 ## - UNVAN FORM VARYING
Başlık Doğru / Kısa Başlığı Para sevgisi ve iyi yaşam mücadelesi
260 ## - YAYIN, DAĞITIM, VB
Yayın, Dağıtım, Vb Yeri İstanbul
Yayıncı, Dağıtıcı, Vs Adı İstanbul Üniversitesi Yayınları
Yayın, Dağıtım, Vb Tarihi 2014
300 ## - FİZİKSEL TANIM
Kapsam 230 s.
Boyutlar 23 sm.
490 ## - SERİSİ TABLOSU
Seri Beyanı Ekonomi
Hacim / Ardışık Tanımı 18
490 ## - SERİSİ TABLOSU
Seri Beyanı İstanbul Bilgi Üniversitesi yayınları
Hacim / Ardışık Tanımı 479
500 ## - GENEL NOT
Genel Not Özgün yapıt adı: How much is enough? : money and the good life
504 ## - KAYNAKÇA VB NOT
Kaynakça Vb Notu Kaynakça ve dizin var.
650 ## - KONU KATMA GİRİŞ - TOPİKAL DÖNEM
Topikal Süreli Veya Coğrafi Ad Giriş Elemanı Sadelik (Felsefe)
650 ## - KONU KATMA GİRİŞ - TOPİKAL DÖNEM
Topikal Süreli Veya Coğrafi Ad Giriş Elemanı Değerler
650 ## - KONU KATMA GİRİŞ - TOPİKAL DÖNEM
Topikal Süreli Veya Coğrafi Ad Giriş Elemanı Yaşam biçimi
650 ## - KONU KATMA GİRİŞ - TOPİKAL DÖNEM
Topikal Süreli Veya Coğrafi Ad Giriş Elemanı Servet (Sosyoloji)
650 ## - KONU KATMA GİRİŞ - TOPİKAL DÖNEM
Topikal Süreli Veya Coğrafi Ad Giriş Elemanı Tüketim (Sosyoloji)
650 ## - KONU KATMA GİRİŞ - TOPİKAL DÖNEM
Topikal Süreli Veya Coğrafi Ad Giriş Elemanı İktisat
Genel Alt Bölümü Sosyoloji
700 ## - KATMA GİRİŞ - KİŞİSEL İSİM
Kişisel Ad Konyar, Levent
700 ## - KATMA GİRİŞ - KİŞİSEL İSİM
Kişisel Ad Skidelsky, Robert
942 ## - EKLENDİ GİRİŞ ELEMANLARI (KOHA)
Sınıflandırma Veya Raf Düzeni Kaynak Dewey Decimal Classification
Koha Öğesi Türü Books
999 ## - SİSTEM KONTROL NUMARALARI (KOHA)
Koha Biblionumber 2169
Koha Biblioitemnumber 2169
Holdings
Kalıcı Konum Mevcut Konum Edinme Tarihi Edinim Kaynak Toplam Check-Out'Lar Tam Çağrı Numarası Barkod Tarih Son Görülme İtibaren Geçerli Fiyatlar Koha Öğesi Türü
CHP Kütüphanesi CHP Kütüphanesi 07/28/2016 Bağış   306.3 S45n 2014 000156 07/28/2016 07/28/2016 Books